000 00583nmm a2200193Ia 4500
008 251105s9999||||xx |||||||||||||||||und||
020 _a9788481028560
041 _aspa
100 _aOrtega Piris, Andrés
245 0 _aEl dique de Carena de Gamazo
264 _a[Madrid, España] :
_bEdiciones Universidad de Cantabria,
_c2018
300 _a115 páginas
490 _aAnalectas
650 _aHistory of Europe: Spain
700 _aOrtega Piris, Andrés
700 1 _a Moreno Sáiz, Víctor Manuel
856 _uhttps://public.digitaliapublishing.com/a/56302
942 _cCF
999 _c69552
_d69552